| 000 | 00498nam a2200193Ia 4500 | ||
|---|---|---|---|
| 003 | OSt | ||
| 005 | 20240914113738.0 | ||
| 008 | 210210b1962 xxu||||| |||| 00| 0 eng d | ||
| 040 | _cAL | ||
| 041 | _aHindi | ||
| 082 | _a862/74 | ||
| 100 |
_aPARASAYEE _dपरसाई _9179134 |
||
| 245 |
_aBhoot Ke Paanv Peechhe _bभूत के पाँव पीछे |
||
| 260 |
_aBhopal _b- _c1962 |
||
| 650 |
_aBhut _9179141 |
||
| 690 |
_aHindi Prose _9179139 |
||
| 906 | _a023319 | ||
| 942 |
_2ddc _cBK |
||
| 999 |
_c148278 _d148278 |
||